000 00322nam a22001217a 4500
999 _c8447
_d8447
008 200131b ||||| |||| 00| 0 eng d
020 _a9780199456666
082 _a005.1 BHA
100 _aBHASIN,Haresh
245 _aAlgorithms: Design and analysis
250 _aPage-690
260 _aNew Delhi
_bOXFORD Unviersity Press
_c2015